书目信息 |
| 题名: |
达·芬奇
|
|
| 作者: | 谢新吾 , 李长敏 编著 | |
| 分册: | ||
| 出版信息: | 沈阳 辽海出版社 1998.10 |
|
| 页数: | 172页 | |
| 开本: | 32开 | |
| 丛书名: | ||
| 单 册: | ||
| 中图分类: | K835.465.7 | |
| 科图分类: | ||
| 主题词: | 历史 , 地理 | |
| 电子资源: | ||
| ISBN: | 7-80638-918-0 | |
| 000 | 00596nam0 2200217 45 | |
| 001 | 0105290873 | |
| 005 | 20010529084150.3 | |
| 010 | @a7-80638-918-0@d9.50元 | |
| 100 | @a20010529d1998 km y0chiy0120 ea | |
| 101 | 0 | @achi |
| 105 | @a z 000yy | |
| 200 | 1 | @a达·芬奇@ADa·Fen Qi@f谢新吾 ,李长敏编著@FXie Xin Wu,Li Chang Min Bian Zhu |
| 210 | @a沈阳@c辽海出版社@d1998.10 | |
| 215 | @a172页@d32开 | |
| 606 | 0 | @a历史 |
| 606 | 0 | @a地理 |
| 690 | @aK835.465.7@v3 | |
| 701 | 0 | @a谢新吾@4编著 |
| 701 | 0 | @a李长敏@4编著 |
| 801 | @aCN@bPftUser@c20010529 | |
| 905 | @f5@b344366-370@dK835.465.7@eX876 | |
| 达·芬奇/谢新吾 ,李长敏编著.-沈阳:辽海出版社,1998.10 |
| 172页;32开 |
| ISBN 7-80638-918-0:9.50元 |
| ● |
| 相关链接 |
|
|
|
正题名:达·芬奇
索取号:K835.465.7/X876
 
预约/预借
| 序号 | 登录号 | 条形码 | 馆藏地/架位号 | 状态 | 备注 |
| 1 | 344366 | 203443666 | 自科二线404/309社科库 3排2列4层/ [索取号:K835.465.7/X876] | 在馆 | |
| 2 | 344367 | 203443675 | 自科二线404/309社科库 3排2列4层/ [索取号:K835.465.7/X876] | 在馆 | |
| 3 | 344368 | 203443684 | 社科库309/309社科库 101排3列5层/ [索取号:K835.465.7/X876] | 在馆 | |
| 4 | 344369 | 203443693 | 自科二线404/309社科库 3排2列4层/ [索取号:K835.465.7/X876] | 在馆 | |
| 5 | 344370 | 203443700 | 社科库309/309社科库 101排3列5层/ [索取号:K835.465.7/X876] | 在馆 |